[Event "DEM U12/U12w 2010"]
[Site "Oberhof GER"]
[Date "2010.05.24"]
[Round "3"]
[White "Donchenko, Alexander"]
[Black "Mager, Denis"]
[Result "0-1"]
[Termination "normal"]
[Board "1"]
[WhiteElo "2094"]
[BlackElo "1538"]
[PlyCount "110"]
[WhiteFideId "24603295"]
[BlackFideId "24691127"]
[EventCountry "GER"]
[EventRounds "11"]
[EventType "swiss"]
[EventDate "2010.05.22"]

1. d4 Nf6 2. c4 g6 3. Nc3 Bg7 4. e4 d6 5. Nf3 O-O 6. Be2 Nbd7 7. O-O e5 8. Qc2
exd4 9. Nxd4 c6 10. Rd1 Qe7 11. Bf1 Nc5 12. f3 Ne6 13. Nde2 Rd8 14. Be3 b6 15.
a4 Qc7 16. a5 Bb7 17. Qb3 Nc5 18. Qa2 Rd7 19. Nf4 Rad8 20. Rac1 Ne6 21. Nxe6
fxe6 22. axb6 axb6 23. Qb3 c5 24. Na4 Bc6 25. Ra1 Rb8 26. Nc3 Qb7 27. Rd2 Rbd8
28. Rad1 Ne8 29. g3 Bf6 30. Bh3 Kf7 31. Nd5 Bg7 32. Bg5 Ra8 33. Qe3 Be5 34. Rf1
b5 35. Nf4 Nc7 36. cxb5 Bxb5 37. Qb3 c4 38. Qe3 c3 39. bxc3 Bxf1 40. Bxf1 Qa7
41. Qxa7 Rxa7 42. c4 Kg7 43. Ng2 Ra3 44. Kf2 Bc3 45. Rd1 Ra2+ 46. Be2 e5 47.
Be3 Ne6 48. f4 Nd4 49. Bxd4 Bxd4+ 50. Kf3 Rb7 51. fxe5 dxe5 52. Bf1 Rf2+ 53.
Kg4 Rbf7 54. Nf4 h5+ 55. Kg5 Be3 0-1

[Event "DEM U12/U12w 2010"]
[Site "Oberhof GER"]
[Date "2010.05.24"]
[Round "3"]
[White "Bauer, Björn-Benny"]
[Black "Flüchter, Gregor"]
[Result "1/2-1/2"]
[Termination "normal"]
[Board "2"]
[WhiteElo "1821"]
[BlackElo "1721"]
[PlyCount "44"]
[WhiteFideId "24698741"]
[BlackFideId "12903396"]
[EventCountry "GER"]
[EventRounds "11"]
[EventType "swiss"]
[EventDate "2010.05.22"]

1. d4 d5 2. c4 e6 3. Nc3 Nf6 4. Nf3 Nbd7 5. Bf4 a6 6. e3 Be7 7. Bd3 dxc4 8.
Bxc4 b5 9. Bd3 c5 10. Ne4 O-O 11. O-O Bb7 12. Nfd2 cxd4 13. exd4 Nxe4 14. Nxe4
Nf6 15. Nc3 Nd5 16. Be5 Nxc3 17. bxc3 Bd6 18. f4 Rc8 19. Rc1 g6 20. Qg4 h5 21.
Qg3 Bxe5 22. fxe5 Rxc3 1/2-1/2

[Event "DEM U12/U12w 2010"]
[Site "Oberhof GER"]
[Date "2010.05.24"]
[Round "3"]
[White "Müller, Constantin"]
[Black "Mann, Johannes"]
[Result "1-0"]
[Termination "normal"]
[Board "3"]
[WhiteElo "1861"]
[BlackElo "1657"]
[PlyCount "117"]
[WhiteFideId "24697630"]
[BlackFideId "24691380"]
[EventCountry "GER"]
[EventRounds "11"]
[EventType "swiss"]
[EventDate "2010.05.22"]

1. e4 d6 2. d4 Nf6 3. Nc3 g6 4. f4 Bg7 5. Nf3 O-O 6. Bd3 Nbd7 7. e5 Ne8 8. Ne4
d5 9. Nf2 e6 10. O-O c5 11. c3 Rb8 12. Qe2 c4 13. Bc2 b5 14. g4 f6 15. exf6
Ndxf6 16. g5 Nh5 17. Ne5 Bxe5 18. Qxe5 Rb7 19. Ng4 Nhg7 20. Nh6+ Kh8 21. Rf3
Qc7 22. Rh3 Qxe5 23. fxe5 Nf5 24. Ng4 Rbf7 25. Nf6 Nxf6 26. exf6 Kg8 27. Bf4 e5
28. dxe5 Nd4 29. cxd4 Bxh3 30. Bd2 Ra8 31. Re1 Be6 32. Ba5 Rb8 33. a3 Ra8 34.
Kg2 Rb8 35. Kg3 Ra8 36. h4 Rb8 37. Rh1 Rfb7 38. Bd1 h5 39. gxh6 Rh7 40. Bd2 Bf5
41. Bg4 Bxg4 42. Kxg4 Kf7 43. Rg1 Rg8 44. Rc1 Re8 45. Re1 Ke6 46. Kg5 Rg8 47.
a4 bxa4 48. Ra1 Rb7 49. Bc3 a5 50. Rxa4 Ra8 51. Rxa5 Rxa5 52. Bxa5 Rxb2 53. h7
Rb8 54. Kxg6 Ra8 55. f7 Rxa5 56. f8=Q Kd7 57. Qd6+ Kc8 58. h8=Q+ Kb7 59. Qhb8#
1-0

[Event "DEM U12/U12w 2010"]
[Site "Oberhof GER"]
[Date "2010.05.24"]
[Round "3"]
[White "Walter, Kevin"]
[Black "Hirschmann, Jakob"]
[Result "0-1"]
[Termination "normal"]
[Board "4"]
[WhiteElo "1777"]
[BlackElo "1770"]
[PlyCount "142"]
[WhiteFideId "12906654"]
[BlackFideId "24652067"]
[EventCountry "GER"]
[EventRounds "11"]
[EventType "swiss"]
[EventDate "2010.05.22"]

1. e4 e6 2. d4 d5 3. Nd2 Nf6 4. e5 Nfd7 5. Bd3 c5 6. c3 Nc6 7. Ne2 Qb6 8. Nf3
Be7 9. O-O O-O 10. Re1 h6 11. b3 cxd4 12. cxd4 Nb4 13. Bb1 Re8 14. Be3 Nf8 15.
Qd2 f5 16. Nf4 Bg5 17. Nxg5 hxg5 18. Nd3 Nxd3 19. Qxd3 f4 20. Bd2 Bd7 21. a4 a5
22. h4 gxh4 23. Bxf4 Rec8 24. Rc1 Rxc1+ 25. Bxc1 Be8 26. Bg5 Rc8 27. Bxh4 Rc1+
28. Kh2 Bg6 29. Qd2 Rxb1 30. Rxb1 Bxb1 31. Qc3 Qb4 32. Qc8 Qxd4 33. Be7 Qxe5+
34. g3 Qh5+ 35. Kg1 Qd1+ 36. Kh2 Qf3 37. Bxf8 Qxf8 38. Qxe6+ Kh8 39. Qxd5 Qxf2+
40. Kh1 Qe1+ 41. Kh2 Qe4 42. Qxa5 Qe2+ 43. Kh3 Qe6+ 44. Kh2 Qh6+ 45. Kg1 Qe3+
46. Kh2 Qf2+ 47. Kh3 Qf5+ 48. Qxf5 Bxf5+ 49. g4 Bc2 50. a5 Bxb3 51. Kg3 Bc4 52.
Kf4 Kg8 53. Kg5 Kf7 54. Kf5 g6+ 55. Kg5 Kg7 56. Kh4 Kf6 57. Kg3 Kg5 58. Kf3 Kh4
59. Kf4 g5+ 60. Kf3 Kh3 61. Kf2 Kxg4 62. Kg2 Kf4 63. Kf2 g4 64. Kg2 g3 65. Kg1
Kf3 66. Kh1 g2+ 67. Kg1 Ba6 68. Kh2 Kf2 69. Kh3 g1=Q 70. Kh4 Qg6 71. Kh3 Qh5#
0-1

[Event "DEM U12/U12w 2010"]
[Site "Oberhof GER"]
[Date "2010.05.24"]
[Round "3"]
[White "Hamid, Emran"]
[Black "Keller, Peter"]
[Result "0-1"]
[Termination "normal"]
[Board "5"]
[WhiteElo "1700"]
[BlackElo "1798"]
[PlyCount "98"]
[WhiteFideId "12903566"]
[BlackFideId "1272105"]
[EventCountry "GER"]
[EventRounds "11"]
[EventType "swiss"]
[EventDate "2010.05.22"]

1. c4 c6 2. Nc3 d5 3. d4 dxc4 4. a4 Nf6 5. Bg5 Nd5 6. e4 Nxc3 7. bxc3 b5 8. Be2
Bb7 9. Qc2 h6 10. Bf4 e6 11. Rb1 Ba6 12. Bf3 Nd7 13. Ne2 Nb6 14. axb5 Bxb5 15.
O-O Qd7 16. Rfe1 Be7 17. Ng3 O-O 18. Qd2 Rfd8 19. e5 Nd5 20. Bxd5 exd5 21. Be3
a5 22. f4 f5 23. Bf2 Qe6 24. Re3 g6 25. Nf1 a4 26. Rh3 Kg7 27. Bh4 Bxh4 28.
Rxh4 a3 29. Ra1 Ba4 30. Qc1 Qe7 31. Rh3 Bb3 32. Ne3 h5 33. Rg3 Kh6 34. Nc2 Bxc2
35. Qxc2 Rdb8 36. Ra2 Rb3 37. Re3 Rab8 38. Re1 Kg7 39. Rea1 Kf7 40. Qc1 Ra8 41.
g3 Ke6 42. Qc2 Qa7 43. Rb1 Rab8 44. Rc1 Rb2 45. Rxb2 Rxb2 46. Qd1 a2 47. h3 Qb7
48. g4 hxg4 49. hxg4 Rb1 0-1

[Event "DEM U12/U12w 2010"]
[Site "Oberhof GER"]
[Date "2010.05.24"]
[Round "3"]
[White "Bluhm, Sonja Maria"]
[Black "Bach, Jannik"]
[Result "1/2-1/2"]
[Termination "normal"]
[Board "6"]
[WhiteElo "1709"]
[BlackElo "1680"]
[PlyCount "40"]
[WhiteFideId "24654027"]
[BlackFideId "24615900"]
[EventCountry "GER"]
[EventRounds "11"]
[EventType "swiss"]
[EventDate "2010.05.22"]

1. e4 c6 2. d4 d5 3. exd5 cxd5 4. Bd3 Nf6 5. c3 Nc6 6. Bf4 g6 7. Nd2 Bg7 8. h3
Bf5 9. Bxf5 gxf5 10. Ngf3 e6 11. Ne5 Qe7 12. Ndf3 O-O 13. Bh2 Ne4 14. O-O Rfc8
15. Re1 b5 16. Qb3 a6 17. Nxc6 Rxc6 18. a3 Rac8 19. Re2 Rb6 20. Ne1 a5 1/2-1/2

[Event "DEM U12/U12w 2010"]
[Site "Oberhof GER"]
[Date "2010.05.24"]
[Round "3"]
[White "Perske, Thore"]
[Black "Rempe, Moritz"]
[Result "1/2-1/2"]
[Termination "normal"]
[Board "7"]
[WhiteElo "1659"]
[BlackElo "1631"]
[PlyCount "63"]
[WhiteFideId "12902195"]
[BlackFideId "12906867"]
[EventCountry "GER"]
[EventRounds "11"]
[EventType "swiss"]
[EventDate "2010.05.22"]

1. e4 e6 2. d3 d5 3. Nd2 c5 4. g3 Nc6 5. Bg2 Nf6 6. Ngf3 Bd6 7. exd5 exd5 8.
O-O O-O 9. d4 c4 10. Re1 Re8 11. c3 h6 12. h3 Bf5 13. Nf1 Ne4 14. Be3 b5 15.
N3d2 Nf6 16. Qf3 Bg6 17. Bf4 b4 18. Rxe8+ Nxe8 19. Bxd6 Nxd6 20. Qxd5 Rc8 21.
Nxc4 Nxc4 22. Qxc4 Ne5 23. Qd5 Nd3 24. Qxd8+ Rxd8 25. d5 bxc3 26. bxc3 Rc8 27.
Ne3 Rxc3 28. Rb1 Rc1+ 29. Rxc1 Nxc1 30. d6 Kf8 31. Bc6 Ne2+ 32. Kf1 1/2-1/2

[Event "DEM U12/U12w 2010"]
[Site "Oberhof GER"]
[Date "2010.05.24"]
[Round "3"]
[White "Kollars, Dmitrij"]
[Black "Schröder, Jan-Christian"]
[Result "0-1"]
[Termination "normal"]
[Board "8"]
[WhiteElo "1611"]
[BlackElo "1965"]
[PlyCount "124"]
[WhiteFideId "12909572"]
[BlackFideId "24662259"]
[EventCountry "GER"]
[EventRounds "11"]
[EventType "swiss"]
[EventDate "2010.05.22"]

1. e4 e5 2. Nf3 Nc6 3. d4 exd4 4. Nxd4 Nf6 5. Nxc6 bxc6 6. Nd2 Bc5 7. Bd3 d5 8.
O-O O-O 9. c4 Re8 10. Qc2 dxe4 11. Nxe4 Nxe4 12. Bxe4 Bg4 13. h3 Bd7 14. Bxh7+
Kh8 15. Be4 Qh4 16. Bf3 Rad8 17. b3 Re6 18. Bg4 Rg6 19. Bxd7 Rxd7 20. Qf5 Qg3
21. Qe4 Re7 22. Kh1 Qxh3+ 23. gxh3 Rxe4 24. Be3 Bxe3 25. fxe3 Rxe3 26. Kh2 Re2+
27. Kh1 f6 28. Rf3 Rgg2 29. a4 Rb2 30. Rd1 Rgc2 31. Rg3 Kh7 32. h4 Rd2 33. Re1
Re2 34. Rd1 Rbd2 35. Rd3 Rxd1+ 36. Rxd1 Rb2 37. Rd7 Rxb3 38. Rxc7 Rb4 39. Rxc6
Rxa4 40. Kg2 Ra3 41. c5 Kh6 42. Rc7 Rc3 43. Rxa7 Rxc5 44. Kg3 Rc3+ 45. Kg4 Rc4+
46. Kg3 f5 47. Ra6+ Kh5 48. Ra7 Rg4+ 49. Kf3 Kxh4 50. Ra5 Kg5 51. Ra7 g6 52.
Ra6 Rb4 53. Ra3 Rh4 54. Kg3 f4+ 55. Kg2 Kg4 56. Ra6 g5 57. Ra3 Rh8 58. Ra2 f3+
59. Kg1 Kg3 60. Ra3 Rb8 61. Ra1 Rb2 62. Kf1 Rh2 0-1

[Event "DEM U12/U12w 2010"]
[Site "Oberhof GER"]
[Date "2010.05.24"]
[Round "3"]
[White "Sawlin, Leonid"]
[Black "Bilchinski, Anton"]
[Result "1-0"]
[Termination "normal"]
[Board "9"]
[WhiteElo "1865"]
[BlackElo "1727"]
[PlyCount "75"]
[WhiteFideId "4689542"]
[BlackFideId "24615765"]
[EventCountry "GER"]
[EventRounds "11"]
[EventType "swiss"]
[EventDate "2010.05.22"]

1. e4 g6 2. d4 Bg7 3. f4 d6 4. c3 Nf6 5. Bd3 e6 6. Nf3 O-O 7. O-O b6 8. h3 Bb7
9. Qe1 c5 10. b3 Nbd7 11. Nbd2 Re8 12. Bb2 a6 13. g4 Nf8 14. a4 Qc7 15. Rc1
N6d7 16. Qg3 Bc6 17. f5 e5 18. fxg6 hxg6 19. Ng5 Nf6 20. d5 Bb7 21. Qh4 Re7 22.
Rf2 N8h7 23. Rcf1 Nxg5 24. Qxg5 Nh7 25. Qh4 Rf8 26. Bc1 f6 27. Qg3 g5 28. c4 a5
29. Nf3 Ref7 30. h4 Bh6 31. hxg5 Nxg5 32. Nh4 Qd8 33. Nf5 Bg7 34. Qh4 Bc8 35.
Rh2 Bxf5 36. Rxf5 Bh6 37. Qxh6 Rh7 38. Rxg5+ 1-0

[Event "DEM U12/U12w 2010"]
[Site "Oberhof GER"]
[Date "2010.05.24"]
[Round "3"]
[White "Grigorian, Spartak"]
[Black "Paulsen, Alexej"]
[Result "1-0"]
[Termination "normal"]
[Board "11"]
[WhiteElo "1800"]
[BlackElo "1549"]
[PlyCount "63"]
[WhiteFideId "24661490"]
[BlackFideId "24662372"]
[EventCountry "GER"]
[EventRounds "11"]
[EventType "swiss"]
[EventDate "2010.05.22"]

1. d4 d5 2. c4 c6 3. Nc3 Nf6 4. Nf3 e6 5. Bg5 dxc4 6. e4 b5 7. e5 h6 8. Bh4 g5
9. Nxg5 hxg5 10. Bxg5 Nbd7 11. exf6 Bb7 12. g3 Qb6 13. Bg2 O-O-O 14. O-O Bd6
15. a4 b4 16. Ne4 Qc7 17. Qc2 Ba6 18. a5 e5 19. Nxd6+ Qxd6 20. dxe5 Qxe5 21.
Bf4 Qb5 22. Rfe1 Qh5 23. h4 Bb5 24. Qd2 Nc5 25. Qxb4 Nd3 26. Bh3+ Kb7 27. Qe7+
Ka6 28. Be3 Ra8 29. Qc7 Nxe1 30. Bxa7 Nf3+ 31. Kh1 Rhb8 32. Bc8+ 1-0

[Event "DEM U12/U12w 2010"]
[Site "Oberhof GER"]
[Date "2010.05.24"]
[Round "3"]
[White "Scholz, Robert"]
[Black "Richter, Leonard"]
[Result "0-1"]
[Termination "normal"]
[Board "12"]
[WhiteElo "1599"]
[BlackElo "1816"]
[PlyCount "72"]
[WhiteFideId "1270301"]
[BlackFideId "12900290"]
[EventCountry "GER"]
[EventRounds "11"]
[EventType "swiss"]
[EventDate "2010.05.22"]

1. e4 c6 2. Nc3 d5 3. Nf3 dxe4 4. Nxe4 Nd7 5. Bc4 Ngf6 6. Nxf6+ Nxf6 7. Ne5 Nd5
8. Qf3 Be6 9. d4 g6 10. c3 Bg7 11. Bd3 O-O 12. h4 Qd6 13. Nc4 Qd7 14. Ne3 c5
15. Nc2 Bg4 16. Qg3 cxd4 17. Nxd4 e5 18. Nb3 Nf4 19. Nc5 Qc8 20. Ne4 Nxd3+ 21.
Qxd3 Rd8 22. Nd6 Qc6 23. Qg3 Bh5 24. f3 Qxd6 25. O-O Rac8 26. Qf2 f5 27. Kh1 b6
28. Rg1 Rc4 29. Be3 Bf6 30. g3 e4 31. f4 Bf3+ 32. Kh2 Qd3 33. Rge1 Rd5 34. Rab1
Ra5 35. a3 Rb5 36. Kg1 Bxc3 0-1

[Event "DEM U12/U12w 2010"]
[Site "Oberhof GER"]
[Date "2010.05.24"]
[Round "3"]
[White "Bentel, Robin"]
[Black "Greif, Gavin"]
[Result "1-0"]
[Termination "normal"]
[Board "13"]
[WhiteElo "1642"]
[BlackElo "1678"]
[PlyCount "93"]
[WhiteFideId "12918016"]
[BlackFideId "24662429"]
[EventCountry "GER"]
[EventRounds "11"]
[EventType "swiss"]
[EventDate "2010.05.22"]

1. d4 d5 2. c4 e6 3. Nc3 Nf6 4. Bg5 Nbd7 5. e3 c6 6. Nf3 Qa5 7. Bxf6 Nxf6 8.
Nd2 Bb4 9. Qc2 O-O 10. Bd3 Re8 11. O-O Bd7 12. a3 Bd6 13. b4 Qc7 14. h3 Rac8
15. Rac1 a6 16. e4 dxe4 17. Ndxe4 Nxe4 18. Bxe4 g6 19. Rcd1 Bf8 20. Rfe1 Bg7
21. h4 e5 22. d5 cxd5 23. Bxd5 Bf5 24. Qb3 Be6 25. c5 Rcd8 26. Bxe6 Rxe6 27.
Ne4 Rxd1 28. Rxd1 h5 29. Qd5 Re8 30. Qd7 Qb8 31. Nd6 Rd8 32. Qxf7+ Kh7 33. Re1
Kh6 34. Qxb7 Qxb7 35. Nxb7 Rd3 36. Rc1 Rd7 37. c6 Rc7 38. a4 e4 39. b5 axb5 40.
axb5 Bd4 41. Rd1 Bb6 42. Rd7 e3 43. Rxc7 exf2+ 44. Kf1 Bxc7 45. Nc5 g5 46.
hxg5+ Kg6 47. Ne6 1-0

[Event "DEM U12/U12w 2010"]
[Site "Oberhof GER"]
[Date "2010.05.24"]
[Round "3"]
[White "Wiesner, Paula"]
[Black "Angrick, Philipp"]
[Result "1/2-1/2"]
[Termination "normal"]
[Board "14"]
[WhiteElo "1863"]
[BlackElo "1528"]
[PlyCount "46"]
[WhiteFideId "24654019"]
[BlackFideId "12912298"]
[EventCountry "GER"]
[EventRounds "11"]
[EventType "swiss"]
[EventDate "2010.05.22"]

1. e4 e5 2. Nf3 Nc6 3. Bb5 a6 4. Bxc6 dxc6 5. Nc3 Bd6 6. d4 Qe7 7. dxe5 Bxe5 8.
Nxe5 Qxe5 9. O-O Nf6 10. f3 O-O 11. Qe2 Be6 12. Be3 Rad8 13. Rad1 Rd6 14. Rd2
Qa5 15. a3 Rfd8 16. Rfd1 h6 17. Rxd6 cxd6 18. Qf2 Rd7 19. Bb6 Qh5 20. Qg3 d5
21. exd5 Nxd5 22. Nxd5 Bxd5 23. Bd4 Qg5 1/2-1/2

[Event "DEM U12/U12w 2010"]
[Site "Oberhof GER"]
[Date "2010.05.24"]
[Round "3"]
[White "Damm, Nils"]
[Black "Engert, Marvin"]
[Result "1-0"]
[Termination "normal"]
[Board "15"]
[WhiteElo "1639"]
[BlackElo "1612"]
[PlyCount "69"]
[WhiteFideId "24693065"]
[BlackFideId "12901164"]
[EventCountry "GER"]
[EventRounds "11"]
[EventType "swiss"]
[EventDate "2010.05.22"]

1. c4 e5 2. g3 c6 3. Bg2 d5 4. d3 Bf5 5. cxd5 cxd5 6. Qb3 Qc7 7. Nc3 Nf6 8.
Nxd5 Nxd5 9. Bxd5 Nc6 10. Nf3 Rd8 11. Bxc6+ Qxc6 12. e4 Bd6 13. Be3 Be6 14. Qc3
Qb5 15. a4 Qa6 16. O-O Rc8 17. Qd2 O-O 18. b4 b6 19. b5 Qb7 20. Ng5 Bd7 21. f4
a5 22. f5 Be7 23. h4 Rc7 24. Qe2 h6 25. Nf3 f6 26. g4 Rfc8 27. Qa2+ Kh7 28.
Rac1 Rc3 29. Rxc3 Rxc3 30. Bxh6 Be8 31. Bc1 Rxd3 32. Qe2 Rb3 33. g5 Rb4 34. g6+
Kh8 35. Nd4 1-0

[Event "DEM U12/U12w 2010"]
[Site "Oberhof GER"]
[Date "2010.05.24"]
[Round "3"]
[White "Kaplun, David"]
[Black "Baskin, Robert"]
[Result "1/2-1/2"]
[Termination "normal"]
[Board "16"]
[WhiteElo "1787"]
[BlackElo "1828"]
[PlyCount "42"]
[WhiteFideId "12901954"]
[BlackFideId "24662402"]
[EventCountry "GER"]
[EventRounds "11"]
[EventType "swiss"]
[EventDate "2010.05.22"]

1. d4 e6 2. c4 d5 3. Nc3 Nf6 4. cxd5 exd5 5. Bg5 Be7 6. e3 O-O 7. Bd3 c6 8. Qc2
Nbd7 9. h3 Re8 10. Nf3 Nf8 11. Ne5 g6 12. Bh6 Ne6 13. O-O Ng7 14. g4 c5 15. f4
cxd4 16. exd4 Ne6 17. Qf2 b6 18. Nc6 Qc7 19. Nxe7+ Qxe7 20. f5 gxf5 21. Qxf5
Qd6 1/2-1/2

[Event "DEM U12/U12w 2010"]
[Site "Oberhof GER"]
[Date "2010.05.24"]
[Round "3"]
[White "Nobis, Anna"]
[Black "Manusina, Nicole"]
[Result "1/2-1/2"]
[Termination "normal"]
[Board "17"]
[WhiteElo "1428"]
[BlackElo "1789"]
[PlyCount "45"]
[WhiteFideId "1270302"]
[BlackFideId "24657514"]
[EventCountry "GER"]
[EventRounds "11"]
[EventType "swiss"]
[EventDate "2010.05.22"]

1. e4 c6 2. d4 d5 3. exd5 cxd5 4. Bd3 Nc6 5. c3 Qc7 6. Nf3 Bg4 7. Bg5 Nf6 8.
Nbd2 O-O-O 9. Bh4 e6 10. Bg3 Bd6 11. Bxd6 Qxd6 12. O-O Rdg8 13. Qc2 Bxf3 14.
Nxf3 g5 15. Rae1 Nd7 16. Qe2 h5 17. Ne5 Ndxe5 18. dxe5 Qe7 19. b4 Kb8 20. Qe3
Qc7 21. a4 Qb6 22. Qf3 Qc7 23. Qe3 1/2-1/2

[Event "DEM U12/U12w 2010"]
[Site "Oberhof GER"]
[Date "2010.05.24"]
[Round "3"]
[White "Heldt, Ronny"]
[Black "Berkes, Alexander"]
[Result "0-1"]
[Termination "normal"]
[Board "18"]
[WhiteElo "1584"]
[BlackElo "1610"]
[PlyCount "130"]
[WhiteFideId "12903973"]
[BlackFideId "12901636"]
[EventCountry "GER"]
[EventRounds "11"]
[EventType "swiss"]
[EventDate "2010.05.22"]

1. d4 Nf6 2. c4 g6 3. Nf3 Bg7 4. g3 d6 5. Bg2 O-O 6. O-O Nbd7 7. Nc3 e5 8. e4
Re8 9. Re1 h6 10. h3 Nh7 11. Be3 Nhf8 12. Qd2 Kh7 13. Rad1 Nb6 14. b3 Qf6 15.
Kh2 Bd7 16. c5 Nc8 17. dxe5 dxe5 18. Nd5 Qd8 19. Qb4 Rb8 20. Qa5 c6 21. Qxd8
Rxd8 22. Nb4 Ne7 23. Nd3 f6 24. Nb2 Ne6 25. Nc4 Nc8 26. Rd3 Be8 27. Red1 Rxd3
28. Rxd3 Bf8 29. Nd6 Nxd6 30. cxd6 Rd8 31. d7 Rxd7 32. Rxd7+ Bxd7 33. Bxa7 Nc7
34. Bf1 Kg7 35. Ne1 c5 36. Nd3 Ne6 37. a4 Nd4 38. Bxc5 Nxb3 39. Be3 Bxa4 40. f4
Bb5 41. Kg1 Bd6 42. Kf2 Na5 43. Bc5 Bxd3 44. Bxd6 Bxf1 45. Kxf1 Nc4 46. Bb4 Kf7
47. Ke2 Ke6 48. Kd3 Nd6 49. Bd2 h5 50. Bc3 Nf7 51. Bb2 Kd6 52. Ba3+ Kc6 53. Be7
f5 54. Bf6 exf4 55. gxf4 fxe4+ 56. Kxe4 b5 57. Ba1 Kc5 58. h4 Kc4 59. Bg7 b4
60. Ba1 Kc5 61. Bd4+ Kd6 62. Bg7 Ke6 63. Bd4 Nd6+ 64. Kf3 Nf5 65. Bf2 b3 0-1

[Event "DEM U12/U12w 2010"]
[Site "Oberhof GER"]
[Date "2010.05.24"]
[Round "3"]
[White "Borukhson, David"]
[Black "Birnkraut, Tim"]
[Result "0-1"]
[Termination "normal"]
[Board "19"]
[WhiteElo "1414"]
[BlackElo "1686"]
[PlyCount "50"]
[BlackFideId "24609587"]
[EventCountry "GER"]
[EventRounds "11"]
[EventType "swiss"]
[EventDate "2010.05.22"]

1. e4 e5 2. Nf3 Nc6 3. Bb5 a6 4. Ba4 b5 5. Bb3 Nf6 6. Ng5 d5 7. exd5 Nd4 8. c3
Nxb3 9. Qxb3 Qxd5 10. Qxd5 Nxd5 11. O-O f6 12. Nf3 Bd6 13. Re1 O-O 14. d4 exd4
15. Nxd4 Bd7 16. Nd2 Rfe8 17. Rxe8+ Rxe8 18. N2f3 Nb6 19. Be3 Nc4 20. Bc1 Bg4
21. b4 Bxf3 22. Nxf3 Re2 23. Kf1 Rc2 24. a3 Rxc3 25. g3 Rxf3 0-1

[Event "DEM U12/U12w 2010"]
[Site "Oberhof GER"]
[Date "2010.05.24"]
[Round "3"]
[White "Hartmann, Jakob"]
[Black "Sabirov, Ramil"]
[Result "0-1"]
[Termination "normal"]
[Board "20"]
[WhiteElo "1402"]
[BlackElo "1584"]
[PlyCount "70"]
[WhiteFideId "12918067"]
[BlackFideId "12900303"]
[EventCountry "GER"]
[EventRounds "11"]
[EventType "swiss"]
[EventDate "2010.05.22"]

1. e4 c5 2. Nf3 e6 3. d4 cxd4 4. Nxd4 Nc6 5. a3 a6 6. Nc3 Qc7 7. Be3 Nf6 8. Be2
Be7 9. Qd2 d6 10. f3 h5 11. O-O-O b5 12. Na2 Bd7 13. Qc3 Rc8 14. Qd2 Na5 15.
Kb1 e5 16. Nb3 Nc4 17. Bxc4 bxc4 18. Nbc1 Rb8 19. Qc3 O-O 20. Bg5 Nxe4 21. fxe4
Bxg5 22. Nb4 Qb6 23. h4 Bh6 24. Nd5 Qc5 25. Ne7+ Kh8 26. Rd5 Qc7 27. Rhd1 Be6
28. Rxd6 Qxe7 29. Qxe5 Rfd8 30. Qc5 Rxd6 31. Rxd6 Rd8 32. Rxd8+ Qxd8 33. Qxh5
Qd2 34. Ne2 Qd1+ 35. Ka2 c3+ 0-1

[Event "DEM U12/U12w 2010"]
[Site "Oberhof GER"]
[Date "2010.05.24"]
[Round "3"]
[White "Altstadt, Karl-Simon"]
[Black "Kasel, Ronaldo"]
[Result "0-1"]
[Termination "normal"]
[Board "21"]
[WhiteElo "1401"]
[BlackElo "1575"]
[PlyCount "110"]
[WhiteFideId "24696676"]
[BlackFideId "24660949"]
[EventCountry "GER"]
[EventRounds "11"]
[EventType "swiss"]
[EventDate "2010.05.22"]

1. e4 e5 2. Nf3 Nc6 3. Bb5 a6 4. Bxc6 dxc6 5. O-O Bd6 6. Re1 Bg4 7. d3 Ne7 8.
h3 Bh5 9. Nbd2 O-O 10. Nc4 Rb8 11. Ne3 Bg6 12. Nh4 Re8 13. Nxg6 Nxg6 14. Nf5
Bc5 15. Qg4 Kh8 16. a3 a5 17. Be3 Bf8 18. Rad1 Ne7 19. Bg5 f6 20. Nh6 Qc8 21.
Nf7+ Kg8 22. Qh5 Ng6 23. Re3 Qe6 24. Rf3 Qxf7 25. Qg4 Qe7 26. Bd2 b6 27. Re1
Qe6 28. Rf5 Ne7 29. Rg5 Qxg4 30. Rxg4 Nc8 31. Re3 Nd6 32. Reg3 f5 33. exf5 Nxf5
34. Rf3 Nd4 35. Re3 Nxc2 36. Reg3 Nd4 37. Kf1 Re7 38. b4 axb4 39. Bxb4 c5 40.
Bc3 Ra8 41. Bb2 Nc2 42. a4 Nd4 43. Re4 Rxa4 44. Rge3 Rb4 45. Bxd4 Rxd4 46. Rxe5
Rxe5 47. Rxe5 Rxd3 48. Re8 Kf7 49. Rc8 Bd6 50. Ke2 c4 51. g3 b5 52. Rb8 b4 53.
Rb5 g6 54. g4 b3 55. Rb4 Bxb4 0-1

[Event "DEM U12/U12w 2010"]
[Site "Oberhof GER"]
[Date "2010.05.24"]
[Round "3"]
[White "Wendland, Tobias"]
[Black "Essler, Oskar"]
[Result "1-0"]
[Termination "normal"]
[Board "22"]
[WhiteElo "1630"]
[BlackElo "1568"]
[PlyCount "87"]
[WhiteFideId "24662267"]
[BlackFideId "12918024"]
[EventCountry "GER"]
[EventRounds "11"]
[EventType "swiss"]
[EventDate "2010.05.22"]

1. d4 d5 2. c4 e6 3. Nc3 c5 4. Nf3 Nf6 5. Bg5 Be7 6. e3 cxd4 7. Nxd4 e5 8. Nf3
Bg4 9. Bxf6 Bxf6 10. cxd5 O-O 11. Be2 Qb6 12. Qd2 Rd8 13. e4 Nc6 14. O-O Bxf3
15. Bxf3 Nd4 16. Be2 h6 17. Rac1 Bg5 18. Qd3 Bxc1 19. Rxc1 Qxb2 20. Rb1 Nxe2+
21. Nxe2 Qxa2 22. f4 exf4 23. Nxf4 Rac8 24. Rf1 Rc2 25. Qg3 Qc4 26. Nh5 Qd4+
27. Kh1 Rc3 28. Qf4 Rf8 29. Qf5 Qb6 30. Qe5 Qg6 31. Qxc3 Qxh5 32. d6 Qe2 33.
Re1 Qa6 34. e5 f6 35. d7 fxe5 36. Qc8 Qd6 37. Rf1 Kh7 38. Qxf8 Qxd7 39. Qf5+
Qxf5 40. Rxf5 e4 41. Re5 a6 42. Rxe4 b5 43. Re6 a5 44. Re5 1-0

[Event "DEM U12/U12w 2010"]
[Site "Oberhof GER"]
[Date "2010.05.24"]
[Round "3"]
[White "Bohnert, Dominik"]
[Black "Peters, Tom"]
[Result "0-1"]
[Termination "normal"]
[Board "23"]
[WhiteElo "1370"]
[BlackElo "1551"]
[PlyCount "82"]
[WhiteFideId "12918075"]
[BlackFideId "24694444"]
[EventCountry "GER"]
[EventRounds "11"]
[EventType "swiss"]
[EventDate "2010.05.22"]

1. e4 c5 2. Nf3 Nc6 3. d4 cxd4 4. Nxd4 g6 5. Nc3 Bg7 6. Be3 Nf6 7. f3 O-O 8.
Qd2 d5 9. O-O-O e6 10. h4 Re8 11. Bb5 Bd7 12. Bxc6 bxc6 13. e5 Nh5 14. g4 Ng3
15. Rh3 Bxe5 16. f4 Bh8 17. Rxg3 c5 18. h5 cxd4 19. Bxd4 f6 20. h6 Rc8 21. g5
e5 22. fxe5 fxe5 23. Bxa7 d4 24. Qf2 Bf5 25. Qf1 Qa5 26. Kb1 Qxa7 27. Rf3 Rf8
28. Ne4 Bxe4 29. Rxf8+ Rxf8 30. Qc4+ Qf7 31. Qb5 Bf5 32. a4 Rc8 33. Rd2 e4 34.
a5 e3 35. Re2 Qc4 36. Qb7 Bxc2+ 37. Rxc2 Qxc2+ 38. Ka2 Qc6 39. Qa7 e2 40. a6
Qa4+ 41. Kb1 e1=R# 0-1

[Event "DEM U12/U12w 2010"]
[Site "Oberhof GER"]
[Date "2010.05.24"]
[Round "3"]
[White "Srokovskiy, Andrea"]
[Black "Heinemann, Josefine"]
[Result "1-0"]
[Termination "normal"]
[Board "24"]
[WhiteElo "1726"]
[BlackElo "1376"]
[PlyCount "29"]
[WhiteFideId "4624947"]
[BlackFideId "12900460"]
[EventCountry "GER"]
[EventRounds "11"]
[EventType "swiss"]
[EventDate "2010.05.22"]

1. d4 Nf6 2. Nf3 c5 3. e3 e6 4. Bd3 d5 5. b3 b6 6. Bb2 Bb7 7. O-O Bd6 8. Nbd2
O-O 9. Ne5 Nc6 10. f4 Qc7 11. Rf3 Nd7 12. Bxh7+ Kh8 13. Nxd7 Qxd7 14. Rh3 Rfd8
15. Qh5 1-0